000 01014cam a2200241 4500
001 95039
008 090401t1979 xxu||||| |||| 00| 0 eng d
020 _a09604076
035 _a(Sirsi) u67696
041 0 _aeng
050 0 4 _a526.909755 $2 18
100 1 _aHughes, Sarah S.
245 0 0 _aSurveyors and statesmen: land measuring in colonial Virginia.
260 0 _aRichmond, VabVirginia Surveyors Foundation
_bViginia Association of Surveyors
_c1979
300 _ax, 196p.
_bill
_c31cm.
350 _a17.28
520 _aDemonstrates the historical developments of the surveying profession in colonial Virginia. Changing techniques of land measurement are examined; whilst an explorative account of the impact of surveyors' methodology on the Chesapeake economy and society provides further insight into the subject.
650 _aCHESAPEAKE BAY
651 4 _aVIRGINIA
690 _aENVIRONMENTAL AND LAND CONSULTANCY-GEOMATICS-LAND SURVEYING-LAND SURVEYORS
942 _n0
_2ddc
948 _c04/03/1997
999 _c95039
_d95039